La modernización sin Estado: reflexiones en torno al desarrollo, la pobreza y la exclusión social en América Latina

Uloženo v:
Podrobná bibliografie
Hlavní autor: Sojo, Carlos
Médium: Text
Vydáno: San José: FACSO
Tagy: Přidat tag
Žádné tagy, Buďte první, kdo vytvoří štítek k tomuto záznamu!

MARC

LEADER 00000 a a2200000 04500
001 38454
003
040
020 |a 978-9977-68--163-4  
090 |a 0004 S683m  
100 |a Sojo, Carlos  
245 |a La modernización sin Estado: reflexiones en torno al desarrollo, la pobreza y la exclusión social en América Latina  
260 |a San José:   |b FACSO  
300 |a 252 p.  
999 |c 7419  |d 7419